000 02065nam0a22004571 4500
001 v19\rc\1611608
005 20250618224229.0
035 _a(NLR Aleph) 004731920
090 _a4449730
_c4449730
100 _a20061002e18971897|||y0rusy50 ca
101 0 _arus
102 _aRU
105 _ay z |||||
200 1 _aСлужилое землевладение в Московском государстве XVI века
_fС.В. Рождественский
210 _aСанкт-Петербург
_cтип. В. Демакова
_d1897
215 _a[2], VI, 404, IV с.
_d25
311 _aОтт. из "Зап. Ист.-филол. фак. С.-Петерб. ун-та". Ч. 43
316 _aЭкз. РНБ (38.78.4.114): 1-й экз. с автогр. авт.
_5NLR: 38.78.4.114
488 0 _12001#$aЗаписки Историко-филологического факультета Санкт-Петербургского университета$vЧ. 43
_tЗаписки Историко-филологического факультета Санкт-Петербургского университета
532 1 1 _aСлужилое землевладение в Московском государстве шестнадцатого века
700 1 _7ca
_8rus
_aРождественский
_bС. В.
_cисторик, архивист
_f1868-1934
_gСергей Васильевич
_9210607
_3RU\NLR\AUTH\770210663
801 0 _aRU
_bNLR
_gpsbo
801 0 _aRU
_bRuMoRGB
_2psbo
801 1 _aRU
_bProSoft-M
_2rusmarc
852 _aNLR
_j38.78.4.114
852 _aNLR
_bДом Плеханова
_jВ 4466
852 _aNLR
_bМф
_jК1/22683
899 _aRuMoRGB
_jM 86/885
899 _aRuMoRGB
_jB 38/19
899 _aRuMoRGB
_jD 36/287
899 _aRuMoRGB
_j801-86/12337-2
899 _aRuMoRGB
_jXXIV 30/1 (ч. 43)
899 _aRuMoRGB
_jXXIV 30/2
899 _aRuMoRGB
_jXXIV 30/3
899 _aБАН
899 _aНБ СПбГУ
899 _aГПИБ
899 _aНБ МГУ
942 _cBOOK
980 _aNB